[Event "Titled Tuesday intern op 17th Nov"]
[Site "Chess.com INT"]
[Date "2020.11.17"]
[Round "2"]
[White "Muradli, Mahammad"]
[Black "Usmanov, Vasily"]
[Result "1-0"]
[WhiteElo "2449"]
[BlackElo "2442"]
[PlyCount "71"]
[EventDate "2020.11.17"]
[EventType "swiss (blitz)"]
[EventRounds "11"]
[EventCountry "USA"]
[SourceTitle "CBM 199 Extra"]
[Source "ChessBase"]
[SourceDate "2021.01.31"]
[SourceVersion "1"]
[SourceVersionDate "2021.01.31"]
[SourceQuality "1"]

1. Nf3 d5 2. d4 e6 3. c4 Nf6 4. Nc3 a6 5. cxd5 exd5 6. Bg5 Be6 7. e3 Nbd7 8. Bd3 h6 9. Bf4 g5 10. Bg3 Nh5 11. Qc2 Nxg3 12. hxg3 Bg7 13. 0-0-0 c6 14. a3 Qe7 15. Bf5 0-0-0 16. g4 Kb8 17. Ne2 Bxf5 18. Qxf5 Qe6 19. Ng3 Nf6 20. Ne5 Rhf8 21. Kb1 Rde8 22. f3 Re7 23. Qc2 Nd7 24. Nf5 Nxe5 25. Nxg7 Qg6 26. Nf5 Nc4 27. Nxe7 Qxc2+ 28. Kxc2 Nxe3+ 29. Kd2 Nxd1 30. Kxd1 Re8 31. Nf5 Ka7 32. Rxh6 Kb6 33. Kd2 Kb5 34. Nd6+ Ka4 35. Nxe8 Kb3 36. Kc1 1-0

[Event "Titled Tuesday intern op 17th Nov"]
[Site "Chess.com INT"]
[Date "2020.11.17"]
[Round "6"]
[White "Omariev, Maksim"]
[Black "Usmanov, Vasily"]
[Result "0-1"]
[WhiteElo "2304"]
[BlackElo "2442"]
[PlyCount "70"]
[EventDate "2020.11.17"]
[EventType "swiss (blitz)"]
[EventRounds "11"]
[EventCountry "USA"]
[SourceTitle "CBM 199 Extra"]
[Source "ChessBase"]
[SourceDate "2021.01.31"]
[SourceVersion "1"]
[SourceVersionDate "2021.01.31"]
[SourceQuality "1"]

1. g4 a6 2. Bg2 c6 3. g5 e6 4. h4 g6 5. d4 Bg7 6. h5 d5 7. h6 Bf8 8. Bf4 Bd6 9. Qd2 Ne7 10. Nc3 b5 11. e4 b4 12. Na4 a5 13. Nc5 Na6 14. Nd3 Bb7 15. 0-0-0 0-0 16. Ne2 Rc8 17. Kb1 c5 18. dxc5 Nxc5 19. Nxc5 Bxc5 20. Be5 Qb6 21. Qf4 f5 22. gxf6 Nc6 23. exd5 Nxe5 24. Qxe5 Bxf2 25. Rhf1 Rce8 26. dxe6 Rxe6 27. f7+ Rxf7 28. Qb8+ Rf8 29. Qxb7 Qxb7 30. Bxb7 Rxe2 31. Bd5+ Kh8 32. Bc4 Re4 33. Bd3 Ref4 34. Rd2 Bc5 35. Rxf4 Rxf4 0-1

[Event "Titled Tuesday intern op 03rd Nov"]
[Site "Chess.com INT"]
[Date "2020.11.03"]
[Round "2"]
[White "Usmanov, Vasily"]
[Black "Khusnutdinov, Rustam"]
[Result "0-1"]
[WhiteElo "2436"]
[BlackElo "2491"]
[PlyCount "114"]
[EventDate "2020.11.03"]
[EventType "swiss (blitz)"]
[EventRounds "11"]
[EventCountry "USA"]
[SourceTitle "CBM 199 Extra"]
[Source "ChessBase"]
[SourceDate "2021.01.31"]
[SourceVersion "1"]
[SourceVersionDate "2021.01.31"]
[SourceQuality "1"]

1. d4 d5 2. c4 e6 3. Nf3 Nf6 4. Nbd2 a6 5. g3 dxc4 6. Nxc4 b5 7. Nce5 Bb7 8. Bg2 c5 9. 0-0 Qb6 10. a4 Nc6 11. axb5 axb5 12. Rxa8+ Bxa8 13. Ng5 Nxe5 14. Bxa8 cxd4 15. Bf4 Bd6 16. e3 0-0 17. exd4 Nc4 18. Bxd6 Nxd6 19. Bg2 Nf5 20. d5 Rd8 21. Qc2 Nd4 22. Qd3 h6 23. Rd1 Nc6 24. Qc2 Nb4 25. Qb3 Nbxd5 26. Ne4 Rc8 27. Nxf6+ Nxf6 28. Bf1 b4 29. Ra1 Ne4 30. Qe3 Qxe3 31. fxe3 Rd8 32. Ra4 Rd1 33. Kg2 Rd2+ 34. Kf3 f5 35. Kf4 Rf2+ 36. Ke5 Rxf1 37. Rxb4 Ng5 38. h4 Nf3+ 39. Kxe6 Nd2 40. Rb8+ Kh7 41. Kf7 Rc1 42. Rb7 Rc6 43. b4 Ne4 44. b5 Rf6+ 45. Ke7 Nd6 46. Rb8 Nc4 47. b6 Rxb6 48. Rxb6 Nxb6 49. h5 Nc4 50. Ke6 Nxe3 51. Ke5 g6 52. Kf4 Nd5+ 53. Ke5 Ne3 54. Kf4 Ng4 55. hxg6+ Kxg6 56. Kf3 Kg5 57. Kg2 Nf6 0-1

[Event "Speed Chess Super Swiss"]
[Site "Chess.com INT"]
[Date "2020.10.03"]
[Round "4"]
[White "Theodorou, Nikolas"]
[Black "Usmanov, Vasily"]
[Result "1-0"]
[WhiteElo "2554"]
[BlackElo "2436"]
[PlyCount "47"]
[EventDate "2020.10.03"]
[EventType "swiss (blitz)"]
[EventRounds "15"]
[EventCountry "USA"]
[SourceTitle "CBM 198 Extra"]
[Source "ChessBase"]
[SourceDate "2020.11.30"]
[SourceVersion "1"]
[SourceVersionDate "2020.11.30"]
[SourceQuality "1"]

1. d4 Nf6 2. c4 e6 3. g3 Bb4+ 4. Nc3 d5 5. Bg2 0-0 6. Nf3 dxc4 7. 0-0 Nc6 8. a3 Bxc3 9. bxc3 Na5 10. Bg5 h6 11. Bh4 c5 12. e4 cxd4 13. e5 g5 14. Nxg5 hxg5 15. Bxg5 dxc3 16. Qe1 Nb3 17. Bxf6 Qd3 18. Be4 Qd2 19. Bh7+ Kxh7 20. Qe4+ Kh6 21. Qh4+ Kg6 22. Qg4+ Kh6 23. Qg7+ Kh5 24. g4# 1-0

[Event "Speed Chess Super Swiss"]
[Site "Chess.com INT"]
[Date "2020.10.03"]
[Round "2"]
[White "Usmanov, Vasily"]
[Black "Nagy, Gabor"]
[Result "1-0"]
[WhiteElo "2436"]
[BlackElo "2491"]
[PlyCount "93"]
[EventDate "2020.10.03"]
[EventType "swiss (blitz)"]
[EventRounds "15"]
[EventCountry "USA"]
[SourceTitle "CBM 198 Extra"]
[Source "ChessBase"]
[SourceDate "2020.11.30"]
[SourceVersion "1"]
[SourceVersionDate "2020.11.30"]
[SourceQuality "1"]

1. d4 Nf6 2. c4 c5 3. d5 e6 4. Nc3 exd5 5. cxd5 d6 6. g3 g6 7. Bg2 Bg7 8. Nf3 0-0 9. 0-0 Re8 10. Bf4 Bf5 11. Nh4 Bg4 12. h3 Nh5 13. hxg4 Nxf4 14. gxf4 Qxh4 15. e3 Nd7 16. Qf3 a6 17. a4 Qe7 18. Ra3 Rab8 19. Rb3 h6 20. Rd1 Rec8 21. Bf1 Qd8 22. Ne4 Qe7 23. Nd2 b5 24. axb5 axb5 25. Rxb5 Rxb5 26. Bxb5 Rb8 27. Bxd7 Qxd7 28. Nc4 Rb4 29. Rc1 Bxb2 30. Nxb2 Rxb2 31. Kg2 Kg7 32. Kg3 Qe7 33. Rh1 Qf6 34. Qe4 g5 35. Rh5 gxf4+ 36. exf4 Rb4 37. Qe3 Qb2 38. f3 Rb3 39. Qf2 Qc3 40. Rf5 Rb2 41. Qg1 Qd2 42. g5 hxg5 43. Rxg5+ Kf8 44. Rh5 Ke7 45. Rh7 c4 46. Qa7+ Kd8 47. Rh8# 1-0

[Event "St Petersburg-ch 93rd"]
[Site "St Petersburg"]
[Date "2020.09.30"]
[Round "9.3"]
[White "Usmanov, Vasily"]
[Black "Lobanov, Sergei"]
[Result "1/2-1/2"]
[WhiteElo "2436"]
[BlackElo "2516"]
[PlyCount "82"]
[EventDate "2020.09.22"]
[EventType "swiss"]
[EventRounds "9"]
[EventCountry "RUS"]
[SourceTitle "EXT 2021"]
[Source "ChessBase"]
[SourceDate "2020.10.23"]
[SourceVersion "1"]
[SourceVersionDate "2020.10.23"]
[SourceQuality "1"]

1. c4 c5 2. Nc3 Nc6 3. Nf3 Nf6 4. e3 e5 5. d4 e4 6. d5 exf3 7. dxc6 dxc6 8. Qxd8+ Kxd8 9. gxf3 Be7 10. Rg1 g6 11. Bd2 Kc7 12. Ne2 Nd7 13. Bc3 Bf6 14. Bxf6 Nxf6 15. h4 Bf5 16. Nf4 Rad8 17. Bh3 Bxh3 18. Nxh3 h6 19. Ke2 Rhe8 20. Rad1 Rd4 21. Rxd4 cxd4 22. Nf4 dxe3 23. fxe3 Kd6 24. Rd1+ Ke7 25. e4 g5 26. hxg5 hxg5 27. Nd3 g4 28. Nc5 gxf3+ 29. Kxf3 b6 30. Nb7 Rh8 31. Nd6 Ke6 32. Nf5 c5 33. Kf4 Nh5+ 34. Ke3 Nf6 35. Kf4 Nh5+ 36. Kg5 Nf6 37. Kf4 Nh5+ 38. Ke3 Nf6 39. Kf4 Nh5+ 40. Kg5 Nf6 41. Kf4 Nh5+ 1/2-1/2